Široká šedá zóna Antitrust: európska a národná bloková výnimka

Antitrust, špecifická regulácia hospodárskej súťaže. Všeobecný zákaz spolupráce konkurentov v poisťovníctve. Blokové výnimky, praktiky, typy, aplikácie. Poisťovníctvo-špeciálny sektor. Kompatibilita v rámci národných a európskych trhov. Bloková výnimka v poisťovníctve v ďaľšom období. Analýzy rizík...

Description complète

Enregistré dans:
Détails bibliographiques
Auteur principal: Čekal, Daniel
Autres auteurs: Štefanková, Ivana
Format: Chapitre de livre
Langue:slovaque
Sujets:
Tags: Ajouter un tag
Pas de tags, Soyez le premier à ajouter un tag!

MARC

LEADER 00000naa$a2200000$$$4500
001 0098851
005 20231107121808.2
041 0 |a slo 
044 |a SK 
245 1 0 |a Široká šedá zóna  |b Antitrust: európska a národná bloková výnimka  |c Daniel Čekal, Ivana Štefanková 
520 |a Antitrust, špecifická regulácia hospodárskej súťaže. Všeobecný zákaz spolupráce konkurentov v poisťovníctve. Blokové výnimky, praktiky, typy, aplikácie. Poisťovníctvo-špeciálny sektor. Kompatibilita v rámci národných a európskych trhov. Bloková výnimka v poisťovníctve v ďaľšom období. Analýzy rizík versus pozitíva. Spolupoisťovacie a spoluzaisťovacie združenia (pools) . 
610 2 0 |a regióny 
610 2 0 |a Európa 
610 2 0 |a spolupráca medzinárodná 
610 2 0 |a trh finančný medzinárodný 
610 2 0 |a zaisťovne 
610 2 0 |a trh poistný 
610 2 0 |a regulácia 
610 2 0 |a konkurencia 
610 2 0 |a poisťovníctvo 
610 2 0 |a riziko poistné 
610 2 0 |a poisťovne 
100 1 |a Čekal, Daniel 
700 1 |a Štefanková, Ivana